| 000 | 01957nam a2200565 i 4500 | ||
|---|---|---|---|
| 001 | 35636 | ||
| 003 | KOSZ 005 | ||
| 005 | 20240405063110.0 | ||
| 008 | 231004s1995 pl a g 000 0apol | ||
| 015 | _aUWD 1996/5088 | ||
| 020 | _a8370411533 | ||
| 035 | _a991004018499705066 | ||
| 035 | _a(PL-WaBN)b11068607-48omnis_nlop | ||
| 035 | _ab11068607 | ||
| 035 | _a(OCoLC)69598695 | ||
| 035 | _azz2004944093 | ||
| 035 | _a(PL)b0000001106860 | ||
| 035 | _a(EXLNZ-48OMNIS_NETWORK)9910092531105606 | ||
| 040 |
_aWA N _cWA N _dKOSZ 005/RW |
||
| 045 |
_bd1916 _bd1994 |
||
| 046 | _k1995 | ||
| 080 | _a347.965 | ||
| 080 | _a929-051(438) | ||
| 100 | 1 |
_aŁyczywek, Roman _d(1916-1994) _eAutor |
|
| 245 | 1 | 0 |
_aŻywot i sprawy : _b(ze wspomnień adwokata) / _cRoman Łyczywek. |
| 260 |
_aSzczecin : _b"Ottonianum", _c1995. |
||
| 300 |
_a239 stron : _bfaksy, fotografie, ilustracje, portrety ; _c24 cm. |
||
| 336 |
_aTekst _btxt _2rdacontent |
||
| 337 |
_aBez urządzenia pośredniczącego _bn _2rdamedia |
||
| 338 |
_aWolumin _bnc _2rdacarrier |
||
| 380 | _aKsiążki | ||
| 380 | _aLiteratura faktu, eseje, publicystyka | ||
| 388 | 1 | _a1901-2000 | |
| 388 | 1 | _a1989-2000 | |
| 500 | _aZawiera m. in. fragmenty artykułów autora publikowanych w różnych czasopismach. | ||
| 600 | 1 | 7 |
_aŁyczywek, Roman _d(1916-1994) _2DBN |
| 648 | 7 |
_a1901-2000 _2DBN |
|
| 648 | 7 |
_a1945-1989 _2DBN |
|
| 648 | 7 |
_a1989-2000 _2DBN |
|
| 650 | 7 |
_aAdwokaci _2DBN |
|
| 651 | 7 |
_aPolska _2DBN |
|
| 651 | 7 |
_aSzczecin (woj. zachodniopomorskie) _2DBN |
|
| 655 | 7 |
_aPamiętniki polskie _2DBN |
|
| 658 | _aHistoria | ||
| 658 | _aPrawo i wymiar sprawiedliwości | ||
| 710 | 2 |
_aSzczecińskie Wydawnictwo Archidiecezjalne Ottonianum _4pbl |
|
| 856 |
_uhttp://koha.tu.koszalin.pl/cgi-bin/koha/opac-detail.pl?biblionumber=35636 _yKatalog online BPK |
||
| 942 |
_2UKD _cKS |
||
| 999 |
_c35636 _d35636 |
||